ბათუმის შოთა რუსთაველის სახელმწიფო უნივერსიტეტის ბიბლიოთეკა

Биологическая защита плодовых культур в Грузии (ბიბ.ჩანაწერი № 35583)

000 -LEADER
fixed length control field 00847nam a2200229Ia 4500
001 - CONTROL NUMBER
control field 1446
003 - CONTROL NUMBER IDENTIFIER
control field GE_BSU
008 - FIXED-LENGTH DATA ELEMENTS--GENERAL INFORMATION
fixed length control field 181216s||||||||xx |||||||||||||| ||und||
040 ## - CATALOGING SOURCE
Transcribing agency GE_BSU
080 ## - UNIVERSAL DECIMAL CLASSIFICATION NUMBER
Universal Decimal Classification number 632.9
245 ## - TITLE STATEMENT
Title Биологическая защита плодовых культур в Грузии
245 ## - TITLE STATEMENT
Remainder of title Акад.сельхоз наук им. В.И.Ленина. Закавказское региональное отделение(Серия защита растении)
245 ## - TITLE STATEMENT
Statement of responsibility, etc. Отв. ред.Яснош В.А. Мжаванадзе
260 ## - PUBLICATION, DISTRIBUTION, ETC.
Place of publication, distribution, etc. Тбилиси
260 ## - PUBLICATION, DISTRIBUTION, ETC.
Date of publication, distribution, etc. 1986
300 ## - PHYSICAL DESCRIPTION
Extent 159стр.
653 ## - INDEX TERM--UNCONTROLLED
Uncontrolled term Биологическая защита плодовых культур в Грузии
653 ## - INDEX TERM--UNCONTROLLED
Uncontrolled term Биология
653 ## - INDEX TERM--UNCONTROLLED
Uncontrolled term ბიოლოგია
942 ## - ADDED ENTRY ELEMENTS (KOHA)
Koha item type წიგნი
ეგზემპლარები
Withdrawn status Lost status Damaged status Not for loan Date acquired Barcode Date last seen Price effective from Koha item type
        2018-12-17 2869 2018-12-17 2018-12-17 წიგნი